ბათუმის შოთა რუსთაველის სახელმწიფო უნივერსიტეტის ბიბლიოთეკა

გველის პერანგი.ფალესტრა (ბიბ.ჩანაწერი № 43270)

000 -LEADER
fixed length control field 00903nam a2200229Ia 4500
001 - CONTROL NUMBER
control field 9997
003 - CONTROL NUMBER IDENTIFIER
control field GE_BSU
008 - FIXED-LENGTH DATA ELEMENTS--GENERAL INFORMATION
fixed length control field 181216s||||||||xx |||||||||||||| ||und||
040 ## - CATALOGING SOURCE
Transcribing agency GE_BSU
080 ## - UNIVERSAL DECIMAL CLASSIFICATION NUMBER
Universal Decimal Classification number 821.353.1–31
100 ## - MAIN ENTRY--PERSONAL NAME
Personal name რობაქიძე,გრიგოლ
245 ## - TITLE STATEMENT
Title გველის პერანგი.ფალესტრა
245 ## - TITLE STATEMENT
Remainder of title რომანები
245 ## - TITLE STATEMENT
Statement of responsibility, etc. რედ. ავთანდილ ჩხიკვიშვილი.სერიის რედ.გურამ.გვერდწითელი,გურამ ფანჯიკიძე.მხატვ.სპ.ცინცაძე
260 ## - PUBLICATION, DISTRIBUTION, ETC.
Place of publication, distribution, etc. თბილისი
260 ## - PUBLICATION, DISTRIBUTION, ETC.
Name of publisher, distributor, etc. მერანი
260 ## - PUBLICATION, DISTRIBUTION, ETC.
Date of publication, distribution, etc. 1988
300 ## - PHYSICAL DESCRIPTION
Extent 383გვ.1ფ.პორტრ.18სმ.
653 ## - INDEX TERM--UNCONTROLLED
Uncontrolled term გველის პერანგი
653 ## - INDEX TERM--UNCONTROLLED
Uncontrolled term რომანები
942 ## - ADDED ENTRY ELEMENTS (KOHA)
Koha item type წიგნი
ეგზემპლარები
Withdrawn status Lost status Damaged status Not for loan Date acquired Barcode Date last seen Price effective from Koha item type
        2018-12-17 33480 2018-12-17 2018-12-17 წიგნი
        2018-12-17 33481 2018-12-17 2018-12-17 წიგნი